Normal view
MARC view
- Foreign exchange.
Entry Topical Term
001 - CONTROL NUMBER
- control field: 38853
003 - CONTROL NUMBER IDENTIFIER
- control field: OSt
005 - DATE AND TIME OF LATEST TRANSACTION
- control field: 20190617160523.0
008 - FIXED-LENGTH DATA ELEMENTS
- fixed length control field: 190617|| aca||aabn | a|a d
040 ## - CATALOGING SOURCE
- Original cataloging agency: OSt
- Transcribing agency: OSt
150 ## - HEADING--TOPICAL TERM
- Topical term or geographic name entry element: Foreign exchange.
670 ## - SOURCE DATA FOUND
- Source citation: Work cat.: (OSt): McCallum, Bennett T. 38851, International monetary economics /, ©19996.
